| 000 | 01031nam a22003257a 4500 | ||
|---|---|---|---|
| 003 | CHAP | ||
| 005 | 20220329133254.0 | ||
| 008 | 971013s1990 r 00010 d | ||
| 010 | _a4142 | ||
| 011 | _a5114 | ||
| 035 | _a4320 | ||
| 040 | _cCHAP | ||
| 090 | _aFolleto 13436 | ||
| 100 | 0 | 0 |
_aHall, Kent D. _952334 |
| 245 |
_aEstimated cost and returns for guayule production _b: Texas Trans-Pecos and winter garden regions |
||
| 260 |
_aCollege Station : _bTexas Agricultural Experiment Station, _c1990 |
||
| 300 |
_a27 p. _b; graphs |
||
| 490 |
_aMP _v; 1692 |
||
| 500 | _aD52-226 | ||
| 590 |
_aBATCH-UPD _b10 _c20130110 _lUCH01 _h2134 |
||
| 590 |
_aBATCH-UPD _b10 _c20130410 _lUCH01 _h1443 |
||
| 590 |
_aBATCH-UPD _b10 _c20130914 _lUCH01 _h1555 |
||
| 590 |
_aCONVERSION _b10 _c20130109 _lUCH01 _h1303 |
||
| 650 | 1 | 4 |
_aGuayule _xCostos de producción. _951074 |
| 650 | 1 | 4 |
_aGuayule _xRendimiento. _951077 |
| 830 | 0 |
_aMP _v; 1692 _979221 |
|
| 901 | _aBK | ||
| 942 | _cFOLL | ||
| 949 |
_aFolleto 13436 _bBC _cFOLL _d-13857 _eTS1 _i4320 _mD _si |
||
| 999 |
_c4142 _d4142 |
||